Norma Técnica Colombiana NTC 5397 : (Registro nro. 11606)

Detalles MARC
000 -LEADER
fixed length control field 01220nam a2200229Ia 4500
003 - CONTROL NUMBER IDENTIFIER
control field OSt
005 - DATE AND TIME OF LATEST TRANSACTION
control field 20210426112105.0
008 - FIXED-LENGTH DATA ELEMENTS--GENERAL INFORMATION
fixed length control field 210310s2008 ck a gr 000 0 spa d
040 ## - CATALOGING SOURCE
Original cataloging agency CO-JMCR
Transcribing agency CO-JMCR
041 0# - LANGUAGE CODE
Language code of text/sound track or separate title spa
082 04 - DEWEY DECIMAL CLASSIFICATION NUMBER
Classification number 025.1714 /
Item number I17m
Edition number 23
110 2# - MAIN ENTRY--CORPORATE NAME
Corporate name or jurisdiction name as entry element Colombia.
Subordinate unit Instituto colombiano de normas técnicas y certificación, INCONTEC
9 (RLIN) 37126
245 10 - TITLE STATEMENT
Title Norma Técnica Colombiana NTC 5397 :
Remainder of title Materiales para documentos de archivo con soporte en papel. Características de calidad /
Statement of responsibility, etc. Instituto Colombiano de Normas técnicas y certificaciones, Icontec.
260 ## - PUBLICATION, DISTRIBUTION, ETC.
Place of publication, distribution, etc. Bogotá :
Name of publisher, distributor, etc. Icontec,
Date of publication, distribution, etc. 2008.
300 ## - PHYSICAL DESCRIPTION
Extent 31 páginas ;
Accompanying material 28 cm
490 0# - SERIES STATEMENT
Series statement Norma técnica colombiana
500 ## - GENERAL NOTE
General note Norma técnica colombiana NTC 5397.
505 ## - FORMATTED CONTENTS NOTE
Formatted contents note Referencia normativa. -- Términos y definiciones. -- Especificaciones para materiales. -- papel de calidad de archivo. -- Cartón calidad de archivo. -- Cartón corrugado con recubrimiento interno. -- Cartulina de calidad de archivo. -- Poliéster. -- Tintas de escritura. -- Impresiones y escritura. -- Lápices. -- Otros materiales.
650 14 - SUBJECT ADDED ENTRY--TOPICAL TERM
Topical term or geographic name entry element Documentos de archivo.
9 (RLIN) 25965
650 24 - SUBJECT ADDED ENTRY--TOPICAL TERM
Topical term or geographic name entry element Normas internacionales.
General subdivision Archivos
9 (RLIN) 37127
942 ## - ADDED ENTRY ELEMENTS (KOHA)
Source of classification or shelving scheme Dewey Decimal Classification
Koha item type Books
Existencias
Withdrawn status Lost status Source of classification or shelving scheme Damaged status Not for loan Home library Current library Shelving location Date acquired Source of acquisition Total Checkouts Full call number Barcode Date last seen Date last checked out Copy number Price effective from Koha item type
    Dewey Decimal Classification     Biblioteca Pública José María del Castillo y Rada Biblioteca Pública José María del Castillo y Rada General Stacks 04/15/2018 Donación 1 025.1714 / I17m 430000081 05/16/2024 01/30/2024 Ej.1 03/10/2021 Books